| 000 | 00774nas a2200265 4500 | ||
|---|---|---|---|
| 001 | BR5100037 | ||
| 003 | BR-BrBNA | ||
| 005 | 20231205081923.0 | ||
| 007 | ta | ||
| 008 | 230509b bl.|||p| |||| 00| 00por d | ||
| 040 |
_aBR-BrBNA _bpor _cBiblioteca Nacional de Agricultura |
||
| 041 | _a(Pt) | ||
| 072 | _aE70 | ||
| 100 | 1 | _aGarcia, J.V. | |
| 245 | 1 | _aCooperativas de comerciantes [Cooperativa de consumo; Cooperativa mercantil] | |
| 650 | _aComercializacao | ||
| 650 | _aCooperativa de consumo | ||
| 650 | _aCooperativa mercantil | ||
| 650 | _aLucro | ||
| 650 | _aPreco | ||
| 650 | _aVenda | ||
| 773 | 0 |
_tBoletim Sul-Coop. Cooperativismo (Brazil) _x _g(Jan 1951), v. 5(29) p. 13-14 _wBR5100037 |
|
| 909 |
_a202311 _bLúcia _c55 _dLúcia Elande |
||
| 942 |
_2AGRIS _n0 _cANA |
||
| 999 |
_c87828 _d87828 |
||